Elefante

Recreación de la matanza perpetrada por dos adolescentes en el instituto Columbine. Es un día cualquiera de otoño, y todos los estudiantes hacen su vida rutinaria: Eli, camino de clase, convence a una pareja de rockeros para hacerles unas fotos. Nate termina su entrenamiento de fútbol y queda con su...

Descripción completa

Guardado en:
Autor Principal: Van Sant, Gus.
Autor Corporativo: HBO Films.
Otros Autores: Frost, Alex; Reparto., Deulen, Eric; Reparto., Robinson, John; Reparto., McConnell, Elias; Reparto.
Formato: Deslizar
Idioma:Undetermined
Publicado: Estados Unidos : Fine Line Features, 2003.
Materias:
Etiquetas: Agregar Etiqueta
Sin Etiquetas, Sea el primero en etiquetar este registro!
LEADER 01372ngm a22002535a 4500
001 CEM.cems020535
008 231009s2003####xx#---############vlund#d
005 20231009193648.0
245 1 0 |a Elefante  |h [videograbación] /  |c Gus Van Sant. 
260 |a Estados Unidos :  |b Fine Line Features,  |c 2003. 
300 |a 78'. 
520 |a Recreación de la matanza perpetrada por dos adolescentes en el instituto Columbine. Es un día cualquiera de otoño, y todos los estudiantes hacen su vida rutinaria: Eli, camino de clase, convence a una pareja de rockeros para hacerles unas fotos. Nate termina su entrenamiento de fútbol y queda con su novia Carrie para comer. John deja las llaves del coche de su padre en la conserjería del instituto para que las recoja su hermano. Pero ese día no será como los demás... 
538 |a Soporte: DVD -- Formato: AVI – Peso: 775mb -- Resolución: 544 x 400 -- 25 fps 
500 |a Título original: Elephant – Idioma: Inglés – Subtítulos: Español. 
590 |a Identificación anterior: 222 
100 1 |a Van Sant, Gus. 
700 1 |a Frost, Alex; Reparto. 
700 1 |a Deulen, Eric; Reparto. 
700 1 |a Robinson, John; Reparto. 
700 1 |a McConnell, Elias; Reparto. 
710 2 |a HBO Films. 
653 |a LARGOMETRAJE 
653 |a FICCIÓN 
859 |a CEMS  |b BIB. CEMS - Depto. Recursos Didacticos  |h 778.5  |i VAN-1  |k DRD  |p 3166.23  |t Ej.1